| 000 | 00374nam a22001577a 4500 | ||
|---|---|---|---|
| 020 | _a9780340939321 | ||
| 082 |
_a617 _bBAI |
||
| 100 | _aWilliams, Norman S. | ||
| 245 | _aBailey & Love's Short Practice of Surgery Vol 2/ | ||
| 250 | _a25th ed. | ||
| 260 |
_aIndia _bCRC Pres _c2008 |
||
| 300 | _a1515P | ||
| 490 | _vV2 | ||
| 650 |
_aSurgery _vBook Bank |
||
| 942 |
_2ddc _cBK |
||
| 999 |
_c12640 _d12640 |
||